000 01381nam a2200373 a 4500
001 99732
003 FlNmELB
005 20241217173006.0
006 m o d |
007 cr cn|||||||||
008 201011r2009 ag |||||s|||||||||||spa d
035 _a(MiAaPQ)EBC3181990
035 _a(Au-PeEL)EBL3181990
035 _a(CaPaEBR)ebr10316968
035 _a(OCoLC)929019632
040 _aFlNmELB
_bspa
_cFlNmELB
050 4 _aHT395.D65
_bM521 2009
080 _a711
082 0 4 _a309.25
_222
100 1 _aMelgar Ceballos, Marvin.
245 1 0 _aMetodología general
_h[recurso electronico] :
_bordenamiento territorial de la cuenca alta del río Yaque del norte y del municipio de Jarabacoa /
_cMarvin Melgar Ceballos.
260 _a[Santa Fe, Argentina] :
_b[El Cid Editor | apuntes],
_c[2009]
300 _a36 p.
533 _aRecurso electrónico. Santa Fe, Arg.: e-libro, 2015. Disponible vía World Wide Web. El acceso puede estar limitado para las bibliotecas afiliadas a e-libro.
650 0 _aOrdenación del territorio.
650 0 _aMetodología.
650 0 _aRegional planning
_zDominican Republic
_xCase studies.
650 0 _aMethodology.
653 _aOrdenacion del territorio
653 _aMetodologia
655 4 _aLibros electrónicos.
710 2 _ae-libro, Corp.
856 4 0 _uhttps://elibro.net/ereader/politecnicointernacional/28883
999 _c99732
_d99732